Представление документа в формате MARC21

Поле Инд. ПП Название Значение
Тип записи a
Библиографический уровень b
001 Контрольный номер 3ff329b74f5047f9b290e6d4eb39ae78
005 Дата корректировки 20200522192013.2
008 Кодируемые данные 20170331
040 b Код языка каталог. rus
e Правила каталог. PSBO
041 0_ a Код языка текста rus
084 a Индекс другой классификации/Индекс ББК 67.408.12(2Рос)
100 1_ a Автор Любый И. А.
245 10 a Заглавие Проблемные вопросы субъективного состава ст. 200.4 УК РФ
650 14 a Основная рубрика право; уголовное право
653 0_ a Ключевые слова государственный контракт
a Ключевые слова контрактная система
a Ключевые слова Россия
a Ключевые слова субъекты преступлений
a Ключевые слова уголовная ответственность
a Ключевые слова уголовные преступления
a Ключевые слова Уголовный кодекс РФ
a Ключевые слова экономические преступления
773 08 t Заглавие источника Российская юстиция
d Дата издания источника 2020
g Прочая информация № 2. - С. 27 - 29
w Контрольный № источника bd79b8de93a941129b7f256c84795769
901 t Тип документа b